Annual report for fiscal year ... /

Saved in:
Bibliographic Details
New Title:United States. Operations Mission to Vietnam. Operational report
Previous Title:United States. Operations Mission to Vietnam. Annual report of the United States Operations Mission to Vietnam for the ... fiscal year
Corporate Author: United States. Operations Mission to Vietnam.
Format: Serial
Language:English
Published: [Saigon] : The Mission
Subjects:
Tags: Add Tag
No Tags, Be the first to tag this record!
LEADER 01231cas a2200325 a 4500
001 009780357-X
005 20051019103322.0
008 920604u19uuuuuuvm ar f0 0eng d
010 |a sn 92034085  
035 0 |a ocm25936192 
040 |a NYG  |c NYG  |d WAU  |d OCLCQ 
042 |a lcd 
043 |a a-vt--- 
050 4 |a HC444  |b .U54a 
110 1 |a United States.  |b Operations Mission to Vietnam. 
245 1 0 |a Annual report for fiscal year ... /  |c United States Operations Mission to Vietnam. 
246 1 4 |a USOM annual report for fiscal year ... 
260 |a [Saigon] :  |b The Mission 
300 |a v. :  |b ill. ;  |c 27 cm. 
310 |a Annual 
500 |a Some issues have distinctive titles. 
500 |a Description based on: 7th (1961). 
650 0 |a Technical assistance, American  |z Vietnam  |v Periodicals. 
650 0 |a Economic assistance, American  |z Vietnam  |v Periodicals. 
780 0 0 |a United States. Operations Mission to Vietnam.  |t Annual report of the United States Operations Mission to Vietnam for the ... fiscal year  |w (DLC)sn 92034084  |w (OCoLC)2269087 
785 0 0 |a United States. Operations Mission to Vietnam.  |t Operational report  |w (DLC)sn 93043478 
988 |a 20051019 
012 |i 9206 
049 |a HLSS 
906 |0 OCLC